000 00308nam a2200133Ia 4500
100 _aRiley/ K.F./ Hobson/M.P.
942 _cBK
654 _amathematics
245 _aMathematical Method for Physics & Engg
260 _bCambridge
_c1998
082 _a519
_bRIL/HOB
300 _a1008
546 _aENGLISH
999 _c18627
_d18627